[Event "SVK-chT 0506"]
[Site "Slovakia"]
[Date "2006.02.25"]
[Round "10"]
[White "Balogh, Marian"]
[Black "Lisko, Frantisek"]
[Result "0-1"]
[WhiteElo "2215"]
[BlackElo "2305"]
[PlyCount "122"]
[EventDate "2005.10.08"]
[EventType "team-tourn"]
[EventRounds "11"]
[EventCountry "SVK"]
[SourceTitle "EXT 2019"]
[Source "ChessBase"]
[SourceDate "2018.10.10"]
[SourceVersion "1"]
[SourceVersionDate "2018.10.10"]
[SourceQuality "1"]
[WhiteTeam "Nove Zamky Basta"]
[BlackTeam "Cadca"]
[WhiteTeamCountry "SVK"]
[BlackTeamCountry "SVK"]

1. c4 Nf6 2. Nf3 e6 3. b3 Be7 4. Bb2 0-0 5. e3 b6 6. Be2 Bb7 7. 0-0 c5 8. Nc3 d5 9. cxd5 Nxd5 10. Nxd5 Qxd5 11. Qc2 Nc6 12. Rac1 Rfd8 13. Qb1 Nb4 14. d4 Qe4 15. a3 Qxb1 16. Rxb1 Nd5 17. dxc5 Bxc5 18. b4 Be7 19. Rfd1 Rac8 20. Rbc1 Kf8 21. Kf1 Bf6 22. Nd4 Ke7 23. Ke1 a6 24. Bf3 Ke8 25. Rxc8 Bxc8 26. Rc1 Bb7 27. Rc2 Ba8 28. Bc1 Kd7 29. Nb3 Bc6 30. e4 Ne7 31. Be3 Kc7 32. a4 Rd3 33. Nc1 Rc3 34. Ra2 Rc4 35. b5 axb5 36. axb5 Bxe4 37. Be2 Rb4 38. f3 Bd5 39. Ra6 Nc8 40. Bd2 Rb2 41. Bd3 Bh4+ 42. g3 Bf6 43. f4 Bd4 44. Bxh7 Rxb5 45. Bd3 Rb2 46. Ne2 Bf6 47. Nc1 Kb7 48. Ra3 b5 49. Be3 Nb6 50. Ne2 Be7 51. Ra1 Bb4+ 52. Kf1 Bc4 53. Bd4 Rd2 54. Bxc4 bxc4 55. Bxg7 Nd5 56. Bd4 c3 57. Ra7+ Kc6 58. Rxf7 c2 59. Bb2 Ne3+ 60. Ke1 Rd7+ 61. Kf2 Nd1+ 0-1

[Event "SVK-chT2B 0506"]
[Site "Slovakia"]
[Date "2006.02.11"]
[Round "8.1"]
[White "Balogh, Marian"]
[Black "Gorusa, Miroslav"]
[Result "1-0"]
[WhiteElo "2218"]
[BlackElo "2175"]
[PlyCount "69"]
[EventDate "2005.10.22"]
[EventType "team-tourn"]
[EventRounds "11"]
[EventCountry "SVK"]
[SourceTitle "EXT 2008"]
[Source "ChessBase"]
[SourceDate "2007.11.25"]
[SourceVersion "1"]
[SourceVersionDate "2007.11.25"]
[SourceQuality "1"]

1. e4 e6 2. d3 d5 3. Nd2 c5 4. g3 Nc6 5. Bg2 Nf6 6. c3 Be7 7. Qc2 0-0 8. Ngf3 b6 9. 0-0 Bb7 10. Re1 Qc7 11. Nb3 dxe4 12. dxe4 Rad8 13. Bf4 e5 14. Bg5 Ng4 15. Bxe7 Nxe7 16. h3 Nf6 17. Bf1 Qb8 18. Bc4 Ng6 19. a4 Qc8 20. Kh2 Qc6 21. Nbd2 h6 22. Qb3 Rd6 23. Re2 a6 24. Rae1 Qd7 25. Nf1 Rd8 26. Ng1 Bc6 27. Qa2 Bxa4 28. Bxf7+ Qxf7 29. Qxa4 b5 30. Qc2 c4 31. Ne3 Rd3 32. Ng2 Nxe4 33. Rxe4 Rd2 34. Qc1 Qxf2 35. R4e2 1-0

[Event "SVK-chT 0506"]
[Site "Slovakia"]
[Date "2005.10.09"]
[Round "2"]
[White "Balogh, Marian"]
[Black "Molnar, Peter"]
[Result "0-1"]
[WhiteElo "2218"]
[BlackElo "2293"]
[PlyCount "70"]
[EventDate "2005.10.08"]
[EventType "team-tourn"]
[EventRounds "11"]
[EventCountry "SVK"]
[SourceTitle "EXT 2019"]
[Source "ChessBase"]
[SourceDate "2018.10.10"]
[SourceVersion "1"]
[SourceVersionDate "2018.10.10"]
[SourceQuality "1"]
[WhiteTeam "Nove Zamky Basta"]
[BlackTeam "Kosice sachy.sk"]
[WhiteTeamCountry "SVK"]
[BlackTeamCountry "SVK"]

1. Nf3 Nf6 2. c4 e6 3. g3 d5 4. Bg2 dxc4 5. Qa4+ c6 6. Qxc4 b5 7. Qc2 Bb7 8. Nc3 Nbd7 9. a3 Rc8 10. 0-0 a6 11. d3 c5 12. b3 Be7 13. Bb2 0-0 14. e4 Qb6 15. Rfe1 Rfd8 16. Nd1 Nb8 17. Ne5 Nfd7 18. Qe2 Nxe5 19. Bxe5 Nc6 20. Bb2 Nd4 21. Qg4 Bf8 22. Ne3 Nxb3 23. Rad1 Nd4 24. f4 c4 25. dxc4 Nc2 26. c5 Qxc5 27. Rc1 Nxe3 28. Rxc5 Nxg4 29. Rg5 Rd2 30. Bxg7 Bxg7 31. Rxg4 Kf8 32. Rh4 h6 33. g4 Rcc2 34. Bf3 Bd4+ 35. Kh1 Bf2 0-1

[Event "SVK-chT1W 0405"]
[Site "Slovakia"]
[Date "2005.??.??"]
[Round "9"]
[White "Hanko, Pavol"]
[Black "Balogh, Marian"]
[Result "1/2-1/2"]
[WhiteElo "2195"]
[BlackElo "2256"]
[PlyCount "113"]
[EventDate "2004.10.??"]
[EventType "team"]
[EventRounds "11"]
[EventCountry "SVK"]
[SourceTitle "EXT 2006"]
[Source "ChessBase"]
[SourceDate "2005.11.24"]
[SourceVersion "1"]
[SourceVersionDate "2005.11.24"]
[SourceQuality "1"]

1. d4 Nf6 2. Nf3 e6 3. c4 Bb4+ 4. Bd2 Bxd2+ 5. Qxd2 b6 6. Nc3 Bb7 7. g3 d6 8. Bg2 Nbd7 9. 0-0 Ne4 10. Qc2 Nxc3 11. Qxc3 Be4 12. d5 e5 13. Nxe5 Nxe5 14. Bxe4 0-0 15. Bg2 f5 16. f4 Nd7 17. e4 fxe4 18. Bxe4 g5 19. Qc2 gxf4 20. Bxh7+ Kh8 21. Bf5 fxg3 22. hxg3 Kg7 23. Qc3+ Ne5 24. Rf4 Rf6 25. Raf1 Qe7 26. Rh4 Rh8 27. Qd4 Rhh6 28. Qf4 Rxh4 29. Qxh4 Nf7 30. Qd4 Kf8 31. Be6 Rxf1+ 32. Kxf1 Ne5 33. Qf4+ Kg7 34. Kg2 Qf6 35. Qe4 Qg5 36. Qe2 Ng6 37. Qf2 Ne5 38. b3 a5 39. Bf5 Qh5 40. Be6 Qg5 41. Qe2 Qc1 42. Qh5 Qd2+ 43. Kh3 a4 44. Qh4 Qh6 45. Bf5 Nf3 46. Qxh6+ Kxh6 47. Kg4 axb3 48. axb3 Nd4 49. b4 c6 50. Kf4 cxd5 51. cxd5 Ne2+ 52. Kf3 Nc3 53. Be4 Kg5 54. Ke3 Na2 55. Kd4 Nxb4 56. Kc4 Na6 57. Kb5 1/2-1/2